Research for development (Record no. 157943)
[ view plain ]
| 000 -LEADER | |
|---|---|
| fixed length control field | 01415nam a2200361Ia 4500 |
| 082 04 - DEWEY DECIMAL CLASSIFICATION NUMBER | |
| Classification number | 338.90072 |
| 100 1# - MAIN ENTRY--AUTHOR NAME | |
| Personal name | Laws, Sophie, |
| 245 10 - TITLE STATEMENT | |
| Title | Research for development |
| 260 ## - PUBLICATION, DISTRIBUTION, ETC. (IMPRINT) | |
| Place of publication | London ; |
| -- | Thousand Oaks, Calif. : |
| Name of publisher | SAGE, |
| Year of publication | 2003. |
| 300 ## - PHYSICAL DESCRIPTION | |
| Number of Pages | xiii, 475 p. : |
| Other physical details | ill. |
| 500 ## - GENERAL NOTE | |
| General note | "Save the Children"--P. [4] of cover. |
| General note | Co-authors from cover. |
| 650 #0 - SUBJECT ADDED ENTRY--TOPICAL TERM | |
| Topical Term | Economic development |
| Topical Term | Economic policy. |
| 700 1# - ADDED ENTRY--PERSONAL NAME | |
| Personal name | Harper, Caroline, |
| Personal name | Marcus, Rachel. |
| 856 40 - ELECTRONIC LOCATION AND ACCESS | |
| Uniform Resource Identifier | http://site.ebrary.com/lib/rucke/Doc?id=10080974 |
No items available.
